00399 2200169 4500001002100000005001500021035002000036245004100056100001700097300001200114260004500126082000800171084001400179990001200193990001200205990001200217INLIS00000000000229820250528084034 a0010-05250005901 aRonggeng Dukuh Paruk /cAhmad Tohari0 aAhmad Tohari a406 hlm aJakarta :bGramedia Pustaka Utama,c2009 a813 a813 AHM r a0713377 a0713391 a0713383